000
00231 a2200109 4500
245
_a
BLAKE COMPLETE WRITINGS
_h
Text
020
_a
0192810502
100
_a
GEOFFREY KEYNES
650
_a
literature
005
20191021095129.0
260
_c
1996
084
_a
NONE
999
_c
11855
_d
11855